000 00533ntaaa2200205 4500
003 01
005 20251027200757.0
008 0714s1973 ag 01
020 _a9805510837
040 _aAR-BaBN
_bspa
_cAR-BaBN
_eaacr
_dRIC
082 _a222.35 M56r
100 _aMesters, Carlos
_94016
245 _aRut /
_cCarlos Mesters
250 _a1 ed.
260 _aBuenos Aires :
_bAurora,
_c1988
300 _a68 p ;
_c20 cm
500 _a n portada figura Carlos Masters
650 _aBiblia-Antiguo Testamento-Rut
_94017
942 _cBK
999 _c1953
_d1953